000 00350nam a2200145Ia 4500
008 150201s2010 xx 000 0 und d
082 _a617.07
_bP2010H
100 _aHARSH MOHAN
245 _aTEXT BOOK OF PATHOLOGY
250 _a6TH
260 _bJAYPEE MEDICAL PUBLISHER
_aDELHI
_c2010
300 _a1-933
650 _aPATHOLOGY
942 _2ddc
_cBK
999 _c4734
_d4734